000 00518nam a2200121Ia 4500
008 160712s9999 xx 000 0 und d
100 _aCaouette, Dominique.
245 _cDominique Caouette,
_aCanada’s Aid Policy and Assistance to Rural Development and Land Policies to the Philippines since the 1980s
260 _c2011
_bKasarinlan Philippine Journal of Third World Studies
300 _avol. 26 no. 1-2
650 _xINDEPENDENCE
856 _uhttp://journals.upd.edu.ph/index.php/kasarinlan/issue/view/331/showToc
999 _c297593
_d297593